Estudios sobre la subjetividad femenina. Mujeres y salud mental

Spremljeno u:
Bibliografski detalji
Glavni autor: Meler, Irene
Autor kompanije: Universidad de Ciencias Empresariales y Sociales
Format: Tekst
Izdano: Buenos Aires: Librería de Mujeres
Izdanje:2
Teme:
Oznake: Dodaj oznaku
Bez oznaka, Budi prvi tko označuje ovaj zapis!

MARC

LEADER 00000 a a2200000 04500
001 30283
003
040
020 |a 987-20555-05  
090 |a 194406  
100 |a Meler, Irene  
110 |a Universidad de Ciencias Empresariales y Sociales  
245 |a Estudios sobre la subjetividad femenina. Mujeres y salud mental  
250 |a 2  
260 |a Buenos Aires:   |b Librería de Mujeres  
300 |a 373 p.  
650 |a MUJERES  
650 |a DEPENDIENTES  
650 |a SALUD MENTAL  
650 |a ANALISIS DE GENERO  
650 |a STATUS DE LA MUJER  
999 |c 10979  |d 10979